Sự lan truyền sóng ứng suất trong vật thể

Trình bày về sự lan truyền sóng ứng suất trong vật thể đàn hồi tuyến tính, trong bán không gian đàn hồi, trong không gian hai chiều, trong tấm trực giao, trong vật liệu đàn nhớt tuyến tính...

Đã lưu trong:
书目详细资料
主要作者: Nguyễn, Văn Vượng
格式: 图书
语言:Undetermined
出版: Hà Nội Bách khoa Hà Nội 2008
主题:
标签: 添加标签
没有标签, 成为第一个标记此记录!
Thư viện lưu trữ: Trung tâm Học liệu Trường Đại học Cần Thơ
LEADER 00875nam a2200205Ia 4500
001 CTU_177413
008 210402s9999 xx 000 0 und d
020 |c 39000 
082 |a 531 
082 |b V561 
100 |a Nguyễn, Văn Vượng 
245 0 |a Sự lan truyền sóng ứng suất trong vật thể 
245 0 |c Nguyễn Văn Vượng 
260 |a Hà Nội 
260 |b Bách khoa Hà Nội 
260 |c 2008 
520 |a Trình bày về sự lan truyền sóng ứng suất trong vật thể đàn hồi tuyến tính, trong bán không gian đàn hồi, trong không gian hai chiều, trong tấm trực giao, trong vật liệu đàn nhớt tuyến tính... 
650 |a Mechanical,Cơ học 
910 |a Hải 
980 |a Trung tâm Học liệu Trường Đại học Cần Thơ